Logo BPK

Biblioteka

Politechniki Koszalińskiej

Theory and applications of boundary element methods : (Rekord nr 29192)

Szczegóły MARC
000 -ETYKIETA REKORDU
podpole kontrolne o stałej długości 00703nam a2200205 i 4500
001 - NUMER KONTROLNY REKORDU
pole kontrolne bg
020 ## - MIĘDZYNARODOWY ZNORMALIZOWANY NUMER KSIĄŻKI - ISBN
ISBN 7302004056
040 ## - ŹRÓDŁO KATALOGOWANIA
Instytucja, która utworzyła rekord BPK
041 ## - KOD JĘZYKA
Kod języka tekstu pol
080 ## - UNIWERSALNA KLASYFIKACJA DZIESIĘTNA - UKD
UKD 519.61/.64
920 ## - Międzynarodowy znormalizowany numer książki – ISBN
ISBN 7-302-00405-6
008 - POLE O STAŁEJ DŁUGOŚCI - DANE KONTROLNE
podpole kontrolne o stałej długości s pl f |000 0 pol
245 #0 - TYTUŁ/ODPOWIEDZIALNOŚĆ
Tytuł Theory and applications of boundary element methods :
Ciąg dalszy tytułu proceedings of 2nd China-Japan Symposium on Boundary element methods, October 11-15, 1988 Beijing, China /
Pozostałe elementy strefy tytułu i oznaczenia odpowiedzialności ed. by Qinghua Du, Masataka Tanaka.
260 ## - STREFA ADRESU WYDAWNICZEGO
Miejsce wydania Bejing :
Nazwa wydawcy/dystrybutora Tsinghua University Press :
-- Springer,
Data publikacji, dystrybucji/powstania dokumentu 1990.
650 #9 - HASŁO PRZEDMIOTOWE W FORMIE NAZWY OGÓLNEJ LUB JEDNOSTKOWEJ
Nazwa ogólna lub geograficzna Metody i |zagadnienia brzegowe
655 ## - TERMIN INDEKSOWY - OKREŚLENIE RODZAJU/FORMY DOKUMENTU
Określenie rodzaju/formy dokumentu Materiały konferencyjne
700 1# - HASŁO DODATKOWE - NAZWA OSOBOWA
Nazwa osobowa Du Quinghua,
700 1# - HASŁO DODATKOWE - NAZWA OSOBOWA
Nazwa osobowa Tanaka, Masataka
856 ## - LOKALIZACJA I DOSTĘP DO ELEKTRONICZNYCH DOKUMENTÓW ZDALNYCH
Link (URL) http://koha.tu.koszalin.pl/cgi-bin/koha/opac-detail.pl?biblionumber=29192
Tekst linku Katalog online BPK
942 ## - DODATKOWE ELEMENTY (KOHA)
Typ dokumentu Książka
Egzemplarze
Wycofany Status egzemplarza Uszkodzony Dostępność Lokalizacja stała Lokalizacja bieżąca Miejsce przechowywania Sygnatura Kod kreskowy Typ dokumentu
      Dostępny Biblioteka Politechniki Koszalińskiej Biblioteka Politechniki Koszalińskiej Wypożyczalnia BG 35282 01161557 Książka
© 2023 Biblioteka Politechniki Koszalińskiej :: KOHA